| 000 | 01145 a2200181 4500 | ||
|---|---|---|---|
| 003 | Nust | ||
| 005 | 20230202132726.0 | ||
| 040 | _cNust | ||
| 082 | _a925.397,MAL | ||
| 100 |
_aMalik, Zahid _9104574 |
||
| 245 |
_aDr. A.Q.Khan and the Islamic bomb / _cZahid Malik, |
||
| 260 |
_aHurmat Publication Ltd _bIslamabad _c1992 |
||
| 300 |
_aiv, 353 p _billus _cdigars _e24 cm |
||
| 505 | _aOverview (Page-1), The Ma From Nowhere (Page-14), Family Background (Page-18), Childhood And Basic Education (Page-38), Migration To Pakistan (Page-44), Employment I Europe (Page-52), Meeting With Mr. Bhutto (Page-58), Kahuta Plant (Page-64), The Story Of The Miracle (Page-73), A Decade Of Munir Atom Bomb (Page-90), Pakistan Energy Commission (Page-100), The Nuclear Program (Page-121), American Policy (Page-138),The Reprocessing Plant (Page-160),Trial Of Holland (Page-183), Clemency Appeal For Mr. Bhutto (Page-204), Kuldip Nayar (Page-227), Pakistan Nuclear (Page-231), Options For Pakistan (Page-248), Interview (Page-258),Tribute (Page-264). | ||
| 600 |
_aMalik, Zahid _9104574 |
||
| 650 |
_aScienth Bigoraphy _9108511 |
||
| 942 |
_2ddc _cBK _k925.397,MAL |
||
| 999 |
_c187397 _d187397 |
||